[Event "Catalunya-chT Gp2"]
[Site "Barcelona"]
[Date "2020.01.25"]
[Round "2.9"]
[White "Castellano Egea, Einar"]
[Black "Jimenez Ruano, Adrian"]
[Result "1-0"]
[WhiteElo "2162"]
[BlackElo "2240"]
[PlyCount "105"]
[EventDate "2020.01.18"]
[EventType "team-tourn"]
[EventRounds "7"]
[EventCountry "ESP"]
[SourceTitle "CBM 194 Extra"]
[Source "ChessBase"]
[SourceDate "2020.03.31"]
[SourceVersion "1"]
[SourceVersionDate "2020.03.31"]
[SourceQuality "1"]
[WhiteTeam "Sant Andreu"]
[BlackTeam "Barcelona Escacs CC"]
[WhiteTeamCountry "ESP"]
[BlackTeamCountry "ESP"]

1. e4 e5 2. Nf3 Nc6 3. c3 Nf6 4. d4 Nxe4 5. d5 Bc5 6. dxc6 Bxf2+ 7. Ke2 Bb6 8. Qd5 Nf2 9. Rg1 0-0 10. cxb7 Bxb7 11. Qxb7 Qf6 12. Qd5 c6 13. Qd2 e4 14. Nd4 e3 15. Qc2 Rae8 16. g4 Nh3 17. Bxh3 Qf2+ 18. Kd3 Qxg1 19. Nf3 e2 20. Nxg1 e1Q 21. Ne2 Qh1 22. Nd4 Qe4+ 23. Kc4 Qd5+ 24. Kd3 c5 25. Qg2 Qd6 26. Qg3 Qe7 27. Qe3 Qd8 28. Qf3 cxd4 29. cxd4 Qc8 30. Be3 Qa6+ 31. Kc2 Qa4+ 32. Kd3 Qb4 33. Nc3 Qxb2 34. Rb1 Qa3 35. Bf1 Re6 36. Rb3 Qa5 37. Qf5 Qa6+ 38. Kd2 Qc8 39. Bd3 g6 40. Qg5 Rfe8 41. Bf2 Qc7 42. Bg3 Qc8 43. Qd5 Bc7 44. g5 Bxg3 45. hxg3 Re1 46. Bc4 R1e6 47. Ne4 Qd8 48. Nf6+ Kg7 49. Nxe8+ Qxe8 50. Rb7 Qe7 51. Rxd7 Qb4+ 52. Kc2 Qa4+ 53. Bb3 1-0

[Event "Catalunya-chT Gp2"]
[Site "Barcelona"]
[Date "2020.01.18"]
[Round "1.7"]
[White "Vehi Bach, Victor Manuel"]
[Black "Castellano Egea, Einar"]
[Result "1/2-1/2"]
[WhiteElo "2316"]
[BlackElo "2162"]
[PlyCount "74"]
[EventDate "2020.01.18"]
[EventType "team-tourn"]
[EventRounds "7"]
[EventCountry "ESP"]
[SourceTitle "CBM 194 Extra"]
[Source "ChessBase"]
[SourceDate "2020.03.31"]
[SourceVersion "1"]
[SourceVersionDate "2020.03.31"]
[SourceQuality "1"]
[WhiteTeam "Barcelona Escola Escacs"]
[BlackTeam "Sant Andreu"]
[WhiteTeamCountry "ESP"]
[BlackTeamCountry "ESP"]

1. e4 e6 2. d4 d5 3. Nc3 Nf6 4. Bg5 Be7 5. e5 Nfd7 6. Bxe7 Qxe7 7. f4 a6 8. Nf3 c5 9. Qd2 Nc6 10. dxc5 Nxc5 11. Bd3 b5 12. 0-0 b4 13. Ne2 g6 14. Ned4 Nxd4 15. Nxd4 a5 16. a3 b3 17. Nxb3 Nxb3 18. cxb3 Ba6 19. b4 Bxd3 20. Qxd3 axb4 21. Qb5+ Kf8 22. axb4 Kg7 23. Rxa8 Rxa8 24. Rc1 Qa7+ 25. Qc5 Qb7 26. Rc3 Rb8 27. Rb3 Rc8 28. Qe3 Qb5 29. Rc3 Rb8 30. Rb3 Qc4 31. b5 d4 32. Qf3 Rxb5 33. Rxb5 Qxb5 34. Qf2 Qd3 35. h3 Qb1+ 36. Kh2 d3 37. Qh4 Qxb2 1/2-1/2

[Event "Catalunya-chT Gp1"]
[Site "Barcelona"]
[Date "2019.02.16"]
[Round "5.8"]
[White "Bruned Segura, Mario"]
[Black "Castellano Egea, Einar"]
[Result "0-1"]
[WhiteElo "2067"]
[BlackElo "2158"]
[PlyCount "84"]
[EventDate "2019.01.19"]
[EventType "team-tourn"]
[EventRounds "7"]
[EventCountry "ESP"]
[SourceTitle "CBM 189 Extra"]
[Source "ChessBase"]
[SourceDate "2019.06.03"]
[SourceVersion "1"]
[SourceVersionDate "2019.06.03"]
[SourceQuality "1"]
[WhiteTeam "Lleida"]
[BlackTeam "Sant Andreu"]
[WhiteTeamCountry "ESP"]
[BlackTeamCountry "ESP"]

1. e4 e6 2. d4 d5 3. Bd3 dxe4 4. Bxe4 Nf6 5. Bf3 c5 6. Ne2 Be7 7. Be3 0-0 8. Nbc3 Nc6 9. 0-0 cxd4 10. Nxd4 Ne5 11. Be2 Bd7 12. f4 Nc6 13. Bf3 Nxd4 14. Qxd4 Bc6 15. Bxc6 bxc6 16. Rad1 Qa5 17. Qa4 Qh5 18. h3 Bc5 19. Rf3 Bxe3+ 20. Rxe3 Nd5 21. g4 Qg6 22. f5 exf5 23. Nxd5 cxd5 24. Rxd5 fxg4 25. h4 Rac8 26. Rdd3 Qh5 27. c3 Qxh4 28. Qxa7 Ra8 29. Qe7 Qxe7 30. Rxe7 Rxa2 31. Rb7 h5 32. Kg2 Re8 33. Rd2 Re3 34. c4 h4 35. c5 Rc3 36. Rb5 Kh7 37. Kf2 Rc1 38. Rd4 f5 39. Ke3 h3 40. Rd2 g3 41. Kf3 h2 42. Kxg3 h1Q 0-1

[Event "Catalunya-chT Gp2"]
[Site "Barcelona"]
[Date "2018.02.24"]
[Round "6.6"]
[White "Castellano Egea, Einar"]
[Black "Barcelo Sola, David"]
[Result "1/2-1/2"]
[WhiteElo "2156"]
[BlackElo "2048"]
[PlyCount "28"]
[EventDate "2018.01.20"]
[EventType "team-tourn"]
[EventRounds "7"]
[EventCountry "ESP"]
[SourceTitle "EXT 2019"]
[Source "ChessBase"]
[SourceDate "2018.10.10"]
[SourceVersion "1"]
[SourceVersionDate "2018.10.10"]
[SourceQuality "1"]
[WhiteTeam "Sant Andreu"]
[BlackTeam "Sant Josep de Badalona"]
[WhiteTeamCountry "ESP"]
[BlackTeamCountry "ESP"]

1. e4 c5 2. Nf3 Nc6 3. d4 cxd4 4. Nxd4 g6 5. Nc3 Bg7 6. Nde2 d6 7. g3 Bg4 8. Bg2 Nd4 9. Qd3 Nxe2 10. Nxe2 Nf6 11. 0-0 0-0 12. h3 Bd7 13. c4 Qc8 14. Kh2 Be6 1/2-1/2

[Event "Benasque op 37th"]
[Site "Benasque"]
[Date "2017.07.07"]
[Round "2"]
[White "Castellano Egea, Einar"]
[Black "Cori, Jorge Moise"]
[Result "0-1"]
[WhiteElo "2183"]
[BlackElo "2636"]
[PlyCount "96"]
[EventDate "2017.07.06"]
[EventType "swiss"]
[EventRounds "10"]
[EventCountry "ESP"]
[SourceTitle "CBM 179 Extra"]
[Source "ChessBase"]
[SourceDate "2017.08.23"]
[SourceVersion "1"]
[SourceVersionDate "2017.08.23"]
[SourceQuality "1"]

1. e4 c5 2. Nf3 e6 3. d4 cxd4 4. Nxd4 Nc6 5. Nc3 Qc7 6. g3 a6 7. Bg2 Nf6 8. 0-0 Be7 9. a4 0-0 10. Nb3 d6 11. f4 b6 12. Be3 Bb7 13. g4 Rfe8 14. Qe2 Rac8 15. g5 Nd7 16. Qf2 Bf8 17. Rad1 Nc5 18. h4 Nb4 19. Rd4 Nxb3 20. Rxb4 Nc5 21. Rc4 Bc6 22. h5 Qb7 23. g6 hxg6 24. hxg6 fxg6 25. Qg3 b5 26. axb5 axb5 27. Rb4 Na6 28. Rd4 b4 29. Nd1 Nc5 30. Qxg6 e5 31. fxe5 Rxe5 32. Nf2 Re6 33. Qg5 Be7 34. Qg4 Bf6 35. Rxb4 Qe7 36. Bh3 Bd7 37. Bxc5 Rxc5 38. Rb8+ Kh7 39. Qf3 Rg5+ 40. Kh1 Ree5 41. Ng4 Rh5 42. Kg2 Reg5 43. Kf2 Bxg4 44. Bxg4 Qa7+ 45. Ke1 Rh2 46. Rb3 Qa5+ 47. c3 Rxg4 48. Qxg4 Qa1+ 0-1

[Event "Catalunya-chT Gp2"]
[Site "Barcelona"]
[Date "2016.01.23"]
[Round "1.4"]
[White "Castellano Egea, Einar"]
[Black "Hernando Rodrigo, Jose Maria"]
[Result "0-1"]
[WhiteElo "2199"]
[BlackElo "2331"]
[PlyCount "101"]
[EventDate "2016.01.23"]
[EventType "team-tourn"]
[EventRounds "7"]
[EventCountry "ESP"]
[SourceTitle "CBM 170 Extra"]
[Source "ChessBase"]
[SourceDate "2016.02.25"]
[SourceVersion "1"]
[SourceVersionDate "2016.02.25"]
[SourceQuality "1"]
[WhiteTeam "Sant Andreu"]
[BlackTeam "Colon Sabadell"]
[WhiteTeamCountry "ESP"]
[BlackTeamCountry "ESP"]

1. d4 Nf6 2. c4 g6 3. Nc3 Bg7 4. e4 d6 5. Nf3 0-0 6. Be2 Nbd7 7. 0-0 e5 8. Re1 Re8 9. Bf1 a6 10. d5 a5 11. b3 Nc5 12. Rb1 Bd7 13. h3 b6 14. Qc2 Nh5 15. Nd2 f5 16. a3 Nf6 17. f3 f4 18. b4 Nb7 19. Bd3 h5 20. Nf1 Nh7 21. Bb2 Rf8 22. Rec1 g5 23. Nh2 Rf6 24. Nd1 g4 25. c5 bxc5 26. bxc5 Nxc5 27. Bxe5 dxe5 28. Qxc5 gxh3 29. Qxc7 Rg6 30. Qxd8+ Rxd8 31. Bf1 Bf8 32. Rc3 hxg2 33. Bxg2 Bh3 34. Rb2 Rd7 35. Kf1 Rxg2 36. Rxg2+ Rg7 37. Rcc2 Bxa3 38. Kg1 Bxg2 39. Rxg2 Bc5+ 40. Kf1 Rxg2 41. Kxg2 Bd4 42. Nf2 Bxf2 43. Kxf2 a4 44. Nf1 a3 45. Nd2 a2 46. Nb3 Kf7 47. Kg2 Ng5 48. Na1 Ke7 49. Nc2 Kd6 50. Kf2 Kc5 51. Ke2 0-1

[Event "Catalunya-chT Gp2"]
[Site "Barcelona"]
[Date "2015.02.28"]
[Round "6.2"]
[White "Castellano Egea, Einar"]
[Black "Villa Izquierdo, Roberto"]
[Result "1/2-1/2"]
[WhiteElo "2167"]
[BlackElo "2117"]
[PlyCount "72"]
[EventDate "2015.01.24"]
[EventType "team-tourn"]
[EventRounds "7"]
[EventCountry "ESP"]
[SourceTitle "EXT 2016"]
[Source "ChessBase"]
[SourceDate "2015.10.08"]
[SourceVersion "1"]
[SourceVersionDate "2015.10.08"]
[SourceQuality "1"]
[WhiteTeam "Sant Andreu"]
[BlackTeam "Barbera"]
[WhiteTeamCountry "ESP"]
[BlackTeamCountry "ESP"]

1. e4 c5 2. Nf3 Nc6 3. d4 cxd4 4. Nxd4 d6 5. Nc3 Nf6 6. g3 Bg4 7. f3 Bd7 8. Bg2 Qc8 9. 0-0 Bh3 10. Nd5 Bxg2 11. Kxg2 Nxd4 12. Qxd4 Nxd5 13. exd5 Qc5 14. Qe4 g6 15. Be3 Qc7 16. Bd4 Rg8 17. Rae1 Bg7 18. Bxg7 Rxg7 19. Re3 Kf8 20. Rc3 Qd7 21. Re1 Re8 22. Qd4 b6 23. Rce3 g5 24. Qc4 Rg6 25. h4 gxh4 26. Qxh4 h6 27. R1e2 e5 28. f4 f6 29. c4 Kg7 30. Qh5 Rc8 31. b3 Rg8 32. Rf2 Qg4 33. Qxg4 Rxg4 34. Kh3 h5 35. fxe5 fxe5 36. Ref3 Kh8 1/2-1/2

[Event "Catalunya-chT"]
[Site "Catalunya"]
[Date "2014.03.29"]
[Round "10.3"]
[White "Castellano Egea, Einar"]
[Black "Pinsach Gelabert, Alexandre"]
[Result "1/2-1/2"]
[WhiteElo "2186"]
[BlackElo "2138"]
[PlyCount "95"]
[EventDate "2014.01.25"]
[EventType "team"]
[EventRounds "11"]
[EventCountry "ESP"]
[SourceTitle "EXT 2015"]
[Source "ChessBase"]
[SourceDate "2014.11.20"]
[SourceVersion "1"]
[SourceVersionDate "2014.11.20"]
[SourceQuality "1"]
[WhiteTeam "Sant Andreu"]
[BlackTeam "Figueres"]
[WhiteTeamCountry "ESP"]
[BlackTeamCountry "ESP"]

1. e4 e5 2. Nf3 Nc6 3. c3 d5 4. Qa4 Nf6 5. Nxe5 Bd6 6. exd5 Bxe5 7. dxc6 0-0 8. Be2 Re8 9. d4 Bd6 10. Bg5 Qe7 11. Qd1 bxc6 12. Bxf6 Qxf6 13. 0-0 Rb8 14. b4 Qe6 15. Bf3 Ba6 16. Nd2 Bxf1 17. Nxf1 Bf4 18. Qa4 Qc4 19. Qxc6 Qxc6 20. Bxc6 Re2 21. g3 Bh6 22. Ba4 Rb6 23. h4 g5 24. hxg5 Bxg5 25. Nh2 Bd2 26. Nf3 Bxc3 27. Rc1 Rxb4 28. Bb3 Bxd4 29. Nxd4 Rxd4 30. Rxc7 a5 31. Rxf7 Kh8 32. Ra7 a4 33. Rxa4 Rxa4 34. Bxa4 Rxa2 35. Bc6 Kg7 36. Kg2 Kf6 37. g4 Ke5 38. Kg3 Ra3+ 39. f3 h6 40. Be4 Kd4 41. Kf4 Ra5 42. Bf5 Rc5 43. Bg6 Kc3 44. Ke3 Re5+ 45. Be4 h5 46. Kf4 hxg4 47. Kxe5 gxf3 48. Bxf3 1/2-1/2

[Event "Catalunya-chT"]
[Site "Catalunya"]
[Date "2014.01.25"]
[Round "1.1"]
[White "Castellano Egea, Einar"]
[Black "Bru Rullo, Llatzer"]
[Result "1-0"]
[WhiteElo "2186"]
[BlackElo "2152"]
[PlyCount "111"]
[EventDate "2014.01.25"]
[EventType "team"]
[EventRounds "11"]
[EventCountry "ESP"]
[SourceTitle "CBM 158 Extra"]
[Source "ChessBase"]
[SourceDate "2014.02.28"]
[SourceVersion "1"]
[SourceVersionDate "2014.02.28"]
[SourceQuality "1"]
[WhiteTeam "Sant Andreu"]
[BlackTeam "Cerdanyola Valles"]
[WhiteTeamCountry "ESP"]
[BlackTeamCountry "ESP"]

1. e4 e6 2. b3 d5 3. Bb2 Nf6 4. e5 Nfd7 5. f4 c5 6. Nc3 Nc6 7. Qg4 g6 8. 0-0-0 a6 9. Nf3 b5 10. h4 h5 11. Qg3 Nb6 12. Ng5 b4 13. Ne2 Ne7 14. Qh3 Nf5 15. g4 hxg4 16. Qxg4 Bb7 17. Bg2 Qc7 18. h5 gxh5 19. Rxh5 Rxh5 20. Qxh5 Ng7 21. Qh7 0-0-0 22. Qg8 d4 23. Bxb7+ Kxb7 24. Qxf7 Qxf7 25. Nxf7 Re8 26. Rg1 Kc6 27. Rg6 Nd5 28. Kd1 Kd7 29. Nd6 Bxd6 30. Rxg7+ Be7 31. Ke1 Rf8 32. Rg4 Rh8 33. Kf2 Rh3 34. Kg2 d3 35. cxd3 Rxd3 36. Bc1 Nb6 37. Rg3 Rxg3+ 38. Kxg3 c4 39. bxc4 Nxc4 40. d3 Nb6 41. f5 Nd5 42. f6 Nxf6 43. exf6 Bxf6 44. Kf3 Kd6 45. Ke4 a5 46. Bf4+ e5 47. Bc1 Ke6 48. Bb2 a4 49. Ng1 b3 50. axb3 axb3 51. Nf3 Bd8 52. Nxe5 Bb6 53. Nc4 Bg1 54. Nd2 Bb6 55. Nxb3 Ba7 56. Ba3 1-0

[Event "Catalunya-chT Honor"]
[Site "Catalunya"]
[Date "2013.03.02"]
[Round "7.5"]
[White "Perpinya Rofes, Lluis Maria"]
[Black "Castellano Egea, Einar"]
[Result "1/2-1/2"]
[WhiteElo "2392"]
[BlackElo "2192"]
[PlyCount "105"]
[EventDate "2013.01.19"]
[EventType "team-tourn"]
[EventRounds "11"]
[EventCountry "ESP"]
[SourceTitle "EXT 2014"]
[Source "ChessBase"]
[SourceDate "2013.11.20"]
[SourceVersion "1"]
[SourceVersionDate "2013.11.20"]
[SourceQuality "1"]
[WhiteTeam "Colon Sabadell"]
[BlackTeam "Sant Andreu"]
[WhiteTeamCountry "ESP"]
[BlackTeamCountry "ESP"]

1. e4 e6 2. d4 d5 3. Nc3 Nf6 4. e5 Nfd7 5. f4 c5 6. Nf3 Nc6 7. Be3 a6 8. Qd2 b5 9. dxc5 Bxc5 10. Bd3 Qb6 11. Bf2 b4 12. Na4 Bxf2+ 13. Qxf2 Qxf2+ 14. Kxf2 f6 15. exf6 gxf6 16. Rhe1 Ke7 17. Bf5 Nf8 18. Nb6 Rb8 19. Nxc8+ Rxc8 20. Bd3 a5 21. c4 bxc3 22. bxc3 Kd6 23. Rab1 Nd7 24. Nd4 Nc5 25. Bc2 Rb8 26. Kf3 Ne7 27. Rxb8 Rxb8 28. Rb1 Rxb1 29. Bxb1 e5 30. Ne2 e4+ 31. Kg4 Ke6 32. Nd4+ Kf7 33. Bc2 f5+ 34. Nxf5 Nxf5 35. Kxf5 e3 36. Bd1 Ne4 37. c4 Nc3 38. Bh5+ Ke7 39. cxd5 Kd6 40. Kg5 e2 41. Bxe2 Nxe2 42. f5 Kxd5 43. g4 Ke5 44. Kh6 Kf6 45. Kxh7 Nc3 46. h4 Ne4 47. Kh6 a4 48. g5+ Kxf5 49. g6 Kf6 50. h5 Ng3 51. a3 Nf5+ 52. Kh7 Kg5 53. g7 1/2-1/2

[Event "Catalunya-chT Honor"]
[Site "Catalunya"]
[Date "2013.01.19"]
[Round "1.6"]
[White "Castellano Egea, Einar"]
[Black "Grafl, Florian"]
[Result "0-1"]
[WhiteElo "2192"]
[BlackElo "2368"]
[PlyCount "82"]
[EventDate "2013.01.19"]
[EventType "team-tourn"]
[EventRounds "11"]
[EventCountry "ESP"]
[SourceTitle "CBM 152 Extra"]
[Source "ChessBase"]
[SourceDate "2013.02.25"]
[SourceVersion "1"]
[SourceVersionDate "2013.02.25"]
[SourceQuality "1"]
[WhiteTeam "Sant Andreu"]
[BlackTeam "Barbera"]
[WhiteTeamCountry "ESP"]
[BlackTeamCountry "ESP"]

1. e4 d5 2. Nc3 dxe4 3. Nxe4 Qd5 4. d3 Nc6 5. Nf3 Bf5 6. Ng3 Bg6 7. Be2 e6 8. 0-0 Be7 9. c4 Qd7 10. d4 Bf6 11. Be3 Nge7 12. Qa4 0-0 13. Rfd1 Rfd8 14. Qb3 b6 15. Bd3 Bxd3 16. Rxd3 Ng6 17. Rad1 Qe8 18. Nh5 Be7 19. Nf4 Nxf4 20. Bxf4 Bf6 21. Be5 Bxe5 22. Nxe5 Rd6 23. Qc3 Rad8 24. Nf3 a5 25. c5 Rd5 26. a3 Qd7 27. R3d2 h6 28. b4 axb4 29. axb4 b5 30. Kf1 f6 31. Qb3 Kf7 32. Qc3 Qe8 33. Qb3 Ra8 34. Rb1 Ra4 35. Re2 Rxb4 36. Qd1 Rxb1 37. Qxb1 Nxd4 38. Nxd4 Rxd4 39. Qb3 Qd7 40. g3 Rd1+ 41. Kg2 Qd5+ 0-1

[Event "Catalunya-chT"]
[Site "Barcelona"]
[Date "2011.03.26"]
[Round "9.9"]
[White "Castellano Egea, Einar"]
[Black "Ayas Fernandez, Antonio"]
[Result "1-0"]
[WhiteElo "2181"]
[BlackElo "2343"]
[PlyCount "99"]
[EventDate "2011.01.29"]
[EventType "team-tourn"]
[EventRounds "11"]
[EventCountry "ESP"]
[SourceTitle "EXT 2012"]
[Source "ChessBase"]
[SourceDate "2011.11.24"]
[SourceVersion "1"]
[SourceVersionDate "2011.11.24"]
[SourceQuality "1"]
[WhiteTeam "San Andreu"]
[BlackTeam "Colon Sabadell"]
[WhiteTeamCountry "ESP"]
[BlackTeamCountry "ESP"]

1. e4 c5 2. Nf3 Nc6 3. d4 cxd4 4. Nxd4 e5 5. Nb5 d6 6. c4 Be6 7. N1c3 a6 8. Na3 Be7 9. Nc2 Bg5 10. Bd3 Bxc1 11. Rxc1 Nf6 12. 0-0 0-0 13. Qd2 Rc8 14. b3 Qa5 15. Ne3 Nd4 16. f4 exf4 17. Ned5 Bxd5 18. exd5 Qc5 19. Kh1 f3 20. gxf3 Rfe8 21. Bb1 Re5 22. Rcd1 Nb5 23. Na4 Qc7 24. cxb5 Rxd5 25. b6 Qc6 26. Qf4 Rxd1 27. Rxd1 h6 28. Bf5 Re8 29. Rxd6 Re1+ 30. Kg2 Qb5 31. Bd3 Qe8 32. Qd4 Qe7 33. Rd8+ Ne8 34. Nc5 Qg5+ 35. Kh3 Qh5+ 36. Qh4 Qxf3+ 37. Qg3 Qh5+ 38. Kg2 Re7 39. Ne4 Kf8 40. Nd6 Qd5+ 41. Qf3 Qg5+ 42. Kh3 f6 43. Bf5 Re3 44. Rxe8+ Rxe8 45. Nxe8 Kxe8 46. Qe4+ Kf8 47. Bg6 Qb5 48. Qxb7 Qf1+ 49. Qg2 Qf4 50. Qa8+ 1-0

[Event "Catalunya-ch U20"]
[Site "Vila Seca"]
[Date "2010.03.31"]
[Round "1"]
[White "Castellano Egea, Einar"]
[Black "Marin Benito, Carla"]
[Result "1-0"]
[WhiteElo "2159"]
[BlackElo "1812"]
[PlyCount "63"]
[EventDate "2010.03.31"]
[EventType "swiss"]
[EventRounds "9"]
[EventCountry "ESP"]
[SourceTitle "CBM 135 Extra"]
[Source "ChessBase"]
[SourceDate "2010.05.04"]
[SourceVersion "1"]
[SourceVersionDate "2010.05.04"]
[SourceQuality "1"]

1. e4 e5 2. Nf3 Nc6 3. c3 Nf6 4. d4 exd4 5. e5 Nd5 6. cxd4 Bb4+ 7. Bd2 0-0 8. Nc3 Nb6 9. Bd3 h6 10. Qe2 d5 11. h3 Ne7 12. g4 Be6 13. Nh4 Nc4 14. a3 Nxd2 15. Qxd2 Bxc3 16. bxc3 Qd7 17. f4 f5 18. exf6 Rxf6 19. f5 Bf7 20. 0-0 Rf8 21. Rab1 b6 22. Nf3 g5 23. Nxg5 Qd6 24. Nf3 Kh8 25. Ne5 Nc6 26. Rbe1 Re8 27. Nxf7+ Rxf7 28. Rxe8+ Kg7 29. Re6 Qg3+ 30. Kh1 Qxh3+ 31. Qh2 Qxh2+ 32. Kxh2 1-0

[Event "ESP-ch U18"]
[Site "Padron"]
[Date "2008.07.29"]
[Round "4"]
[White "Alshameary Puente, Ismael"]
[Black "Castellano Egea, Einar"]
[Result "1/2-1/2"]
[WhiteElo "1951"]
[BlackElo "2128"]
[PlyCount "57"]
[EventDate "2008.07.27"]
[EventType "swiss"]
[EventRounds "9"]
[EventCountry "ESP"]
[SourceTitle "CBM 125 Extra"]
[Source "ChessBase"]
[SourceDate "2008.09.01"]
[SourceVersion "1"]
[SourceVersionDate "2008.09.01"]
[SourceQuality "1"]

1. e4 e6 2. d4 d5 3. Nc3 Nf6 4. e5 Nfd7 5. f4 c5 6. Nf3 Nc6 7. Be3 a6 8. Qd2 b5 9. dxc5 Bxc5 10. Bxc5 Nxc5 11. Nd4 Nxd4 12. Qxd4 Qb6 13. a4 bxa4 14. Nxa4 Nxa4 15. Rxa4 Qxd4 16. Rxd4 Bd7 17. Be2 Ke7 18. Kd2 Rhc8 19. Rb4 Rc7 20. Ra1 a5 21. Rb6 Rac8 22. c3 Rc5 23. Ra6 a4 24. Bd1 Rb8 25. Ra2 Rc4 26. g3 Rb7 27. Bc2 h6 28. Ra8 h5 29. Bd3 1/2-1/2

[Event "ESP-ch U18"]
[Site "Padron"]
[Date "2008.07.27"]
[Round "2"]
[White "Rodriguez Lorenzo, Yadira"]
[Black "Castellano Egea, Einar"]
[Result "1/2-1/2"]
[WhiteElo "1984"]
[BlackElo "2128"]
[PlyCount "34"]
[EventDate "2008.07.27"]
[EventType "swiss"]
[EventRounds "9"]
[EventCountry "ESP"]
[SourceTitle "CBM 125 Extra"]
[Source "ChessBase"]
[SourceDate "2008.09.01"]
[SourceVersion "1"]
[SourceVersionDate "2008.09.01"]
[SourceQuality "1"]

1. e4 e6 2. Nf3 d5 3. Nc3 Nf6 4. e5 Nfd7 5. d4 c5 6. dxc5 Nc6 7. Bf4 Bxc5 8. Bd3 f6 9. exf6 Qxf6 10. Bg3 0-0 11. 0-0 a6 12. Qe2 Nd4 13. Nxd4 Bxd4 14. Nd1 e5 15. c3 Bc5 16. Ne3 Nb6 17. c4 d4 1/2-1/2

[Event "ESP-ch U18"]
[Site "Linares"]
[Date "2007.08.02"]
[Round "7"]
[White "Riera Morilla, Elizabeth"]
[Black "Castellano Egea, Einar"]
[Result "1/2-1/2"]
[WhiteElo "1952"]
[BlackElo "2119"]
[PlyCount "113"]
[EventDate "2007.07.29"]
[EventType "swiss"]
[EventRounds "9"]
[EventCountry "ESP"]
[SourceTitle "EXT 2008"]
[Source "ChessBase"]
[SourceDate "2007.11.25"]
[SourceVersion "1"]
[SourceVersionDate "2007.11.25"]
[SourceQuality "1"]

1. e4 c5 2. Nf3 Nc6 3. d4 cxd4 4. Nxd4 d5 5. Nxc6 bxc6 6. exd5 Qxd5 7. Nc3 Qxd1+ 8. Nxd1 e5 9. Bc4 Bf5 10. Ne3 Bg6 11. 0-0 Bc5 12. Bb3 Ne7 13. Nc4 f6 14. Be3 Bxe3 15. Nxe3 Bf7 16. Rad1 Bxb3 17. axb3 Rd8 18. Rxd8+ Kxd8 19. Ra1 Nc8 20. Nf5 g6 21. Nh6 Ke7 22. Ng4 Rf8 23. Kf1 h5 24. Ne3 Rd8 25. Rd1 Rxd1+ 26. Nxd1 Nb6 27. Ne3 Nd5 28. Nc4 Nb4 29. c3 Nd3 30. b4 Nf4 31. g3 Nd5 32. Ke2 Nb6 33. Nd2 f5 34. Nf3 Kd6 35. Nh4 Na4 36. Nxg6 Nxb2 37. Nh4 Ke6 38. Ng2 Nc4 39. Ne1 Nd6 40. Nd3 Kd5 41. f4 exf4 42. Nxf4+ Kc4 43. Nxh5 Kxc3 44. Nf4 Kxb4 45. h4 a5 46. Nd3+ Kb3 47. Ne5 a4 48. h5 a3 49. h6 a2 50. h7 a1Q 51. h8Q Qb2+ 52. Kf3 Qc3+ 53. Kg2 Kc2 54. Qf6 Qxg3+ 55. Kxg3 Ne4+ 56. Kf4 Nxf6 57. Nxc6 1/2-1/2

[Event "ESP-ch U18"]
[Site "Linares"]
[Date "2007.07.31"]
[Round "5"]
[White "Castellano Egea, Einar"]
[Black "Rodriguez Perez, David Antonio"]
[Result "0-1"]
[WhiteElo "2119"]
[BlackElo "2018"]
[PlyCount "118"]
[EventDate "2007.07.29"]
[EventType "swiss"]
[EventRounds "9"]
[EventCountry "ESP"]
[SourceTitle "EXT 2008"]
[Source "ChessBase"]
[SourceDate "2007.11.25"]
[SourceVersion "1"]
[SourceVersionDate "2007.11.25"]
[SourceQuality "1"]

1. e4 c5 2. Nf3 d6 3. c3 Nf6 4. h3 Nbd7 5. Bd3 b6 6. Bc2 Bb7 7. d3 Qc7 8. Qe2 Rc8 9. a4 e6 10. 0-0 Be7 11. Na3 0-0 12. Bf4 Qb8 13. Bh2 Qa8 14. Rfe1 Ne8 15. Nd2 e5 16. a5 Bc6 17. axb6 axb6 18. Nb5 Qb7 19. Na7 Ra8 20. Nxc6 Qxc6 21. Bb3 Nc7 22. f4 exf4 23. Bxf4 Bf6 24. Qg4 b5 25. Qg3 Be5 26. Rxa8 Nxa8 27. Rf1 Nab6 28. Bd1 Na4 29. Bxe5 dxe5 30. Bxa4 bxa4 31. Nc4 f6 32. Ne3 Nb6 33. Nf5 Qc7 34. d4 g6 35. h4 Kh8 36. Ne3 Kg7 37. h5 Qb8 38. dxc5 Nd7 39. h6+ Kh8 40. Nd5 Qc8 41. Kh1 Qxc5 42. Qh4 f5 43. Qh3 Qd6 44. Kh2 Nc5 45. exf5 e4+ 46. Qg3 Qxd5 47. fxg6 Qh5+ 48. Kg1 Rxf1+ 49. Kxf1 Qd1+ 50. Kf2 Qd2+ 51. Kg1 Qc1+ 52. Kf2 Qxb2+ 53. Kg1 Qc1+ 54. Kf2 Qb2+ 55. Kg1 Qc1+ 56. Kf2 Nd3+ 57. Ke2 Nf4+ 58. Kf2 Qd2+ 59. Kf1 Qd3+ 0-1